Statistics for NFL Player by Stupid Definition

Click here to take the quiz!

General Stats

  • This quiz has been taken 15 times
  • The average score is 7 of 15

Answer Stats

HintAnswer% Correct
Butt FumbleMark Sanchez
100%
Helmet SwingerMyles Garrett
93%
Forehead BoyPeyton Manning
79%
Ring LadTom Brady
79%
Got 2 Rings on a GambleEli Manning
71%
Coke with a KidMean Joe Greene
43%
The Bears' Supposed SaviorMitch Trubisky
43%
Napoleon DynamiteNick Foles
43%
Imagine Being Healthy #2Christian McCaffrey
36%
Dunked on in MinneapolisMarcus Williams
29%
Imagine Being Healthy #1Saquon Barkley
29%
Hulk SmashRob Gronkowski
21%
Shaving Cream LadJoe Namath
14%
Carson Wentz 2.0Trey Lance
14%
Blunt-Force TraumaLeGarrette Blount
7%

Score Distribution

Percentile by Number Answered

Percent of People with Each Score

Your Score History

You have not taken this quiz